000 00708nam a2200241Ia 4500
003 OSt
005 20221007063447.0
006 a|||||r|||| 00| 0
007 ta
008 221006b |||||||| |||| 00| 0 eng d
024 _a28,322
037 _cReports / Technical Reports
040 _aFLL
_cFLL
_beng
041 _2eng
_aeng
082 _aZ73:801, K2
100 _aChadbourn James H.
_9684321
245 0 _aProcedure portfolio
260 _aBrooklyn
_bThe Foundation Press, Inc. Brooklyn
_c1962
300 _axi,92p
_ccm.
700 _a Levin A. Leo
_9684322
942 _hZ73:801, K2
_cREP
_2CC
999 _c1131318
_d1131318